Английский язык: введение в инженерную деятельность: учебное пособие

Bibliographic Details
Corporate Author: Национальный исследовательский Томский политехнический университет Школа базовой инженерной подготовки
Other Authors: Зеремская Ю. А. Юлия Александровна (составитель), Солодовникова О. В. Ольга Владимировна
Summary:Заглавие с титульного экрана
Электронная версия печатной публикации
Пособие включает в себя тексты и упражнения по темам «Наука», «Технология» и «Инженерная деятельность» и способствует формированию профессионально ориентированных компетенций в области английского языка у студентов. Предназначено для студентов 2-го курса Томского политехнического университета всех направлений обучения.
Режим доступа: из корпоративной сети ТПУ
Language:English
Published: Томск, Изд-во ТПУ, 2019
Edition:2-е изд., перераб. и доп.
Subjects:
Online Access:https://www.lib.tpu.ru/fulltext2/m/2019/m051.pdf
Format: Electronic Book
KOHA link:https://koha.lib.tpu.ru/cgi-bin/koha/opac-detail.pl?biblionumber=343136

MARC

LEADER 00000nlm0a2200000 4500
001 343136
005 20231102005527.0
035 |a (RuTPU)RU\TPU\book\372900 
035 |a RU\TPU\book\372899 
090 |a 343136 
100 |a 20190624d2019 m y0rusy50 ca 
101 0 |a eng 
102 |a RU 
105 |a a j 001zy 
135 |a drgn ---uucaa 
181 0 |a i  
182 0 |a b 
200 1 |a Английский язык: введение в инженерную деятельность  |b Электронный ресурс  |e учебное пособие  |d English: introduction to engineering  |f Национальный исследовательский Томский политехнический университет, Школа базовой инженерной подготовки ; сост. Ю. А. Зеремская ; О. В. Солодовникова 
203 |a Текст  |c электронный 
205 |a 2-е изд., перераб. и доп. 
210 |a Томск  |c Изд-во ТПУ  |d 2019 
230 |a 1 компьютерный файл (pdf; 0.7 MB) 
300 |a Заглавие с титульного экрана 
300 |a Электронная версия печатной публикации 
330 |a Пособие включает в себя тексты и упражнения по темам «Наука», «Технология» и «Инженерная деятельность» и способствует формированию профессионально ориентированных компетенций в области английского языка у студентов. Предназначено для студентов 2-го курса Томского политехнического университета всех направлений обучения. 
333 |a Режим доступа: из корпоративной сети ТПУ 
452 1 |0 (RuTPU)RU\TPU\book\378347  |y 978-5-4387-0865-0  |t Английский язык: введение в инженерную деятельность  |l English: introduction to engineering  |o учебное пособие  |f Национальный исследовательский Томский политехнический университет ; сост. Ю. А. Зеремская, О. В. Солодовникова  |e 2-е изд., перераб. и доп.  |c Томск  |n Изд-во ТПУ  |d 2019  |p 82 с. 
510 1 |a English: introduction to engineering  |z eng 
606 1 |a Английский язык  |x Учебные руководства и пособия  |x Учебные руководства и пособия для высшей школы  |2 stltpush  |3 (RuTPU)RU\TPU\subj\29071  |9 52483 
610 1 |a электронный ресурс 
610 1 |a труды учёных ТПУ 
610 1 |a учебные пособия 
610 1 |a лексика 
610 1 |a грамматика 
610 1 |a английский язык 
610 1 |a профессиональные компетенции 
610 1 |a инженерная деятельность 
686 |a Ш143.21-923  |2 rubbk 
702 1 |a Зеремская  |b Ю. А.  |c лингвист  |c доцент Томского политехнического университета, кандидат филологических наук  |f 1980-  |g Юлия Александровна  |2 stltpush  |3 (RuTPU)RU\TPU\pers\31962  |4 220 
702 1 |a Солодовникова  |b О. В.  |c лингвист  |c доцент Томского политехнического университета, кандидат философских наук  |f 1971-  |g Ольга Владимировна  |2 stltpush  |3 (RuTPU)RU\TPU\pers\26848  |4 220 
712 0 2 |a Национальный исследовательский Томский политехнический университет  |b Школа базовой инженерной подготовки  |c (2017- )  |h 8028  |2 stltpush  |3 (RuTPU)RU\TPU\col\23509 
801 1 |a RU  |b 63413507  |c 20110421 
801 2 |a RU  |b 63413507  |c 20211026  |g RCR 
856 4 |u https://www.lib.tpu.ru/fulltext2/m/2019/m051.pdf 
942 |c CF